| 000 | 00768nam a22002297a 4500 | ||
|---|---|---|---|
| 003 | UA-OsUOA | ||
| 001 | 81418 | ||
| 007 | ta | ||
| 008 | 20120127b un ||||| |||| 00| 0 ukr d | ||
| 090 |
_a82.09(082) _bА43 |
||
| 942 | _cBK | ||
| 040 |
_aUA-OsUOA _bukr _cUA-OsUOA _dUA-OsUOA |
||
| 245 |
_aАктуальні проблеми літературознавства _bзбірник наукових праць _cнаук. ред. проф. Заверталюк Н.І. _n7 |
||
| 300 | _a140 с. | ||
| 955 | _a1 | ||
| 041 | _aukr | ||
| 080 | _a82.09(082) | ||
| 020 | _a966-7056-82-1 | ||
| 260 |
_aДніпропетровськ _bНавчальна книга _c2000 |
||
| 650 | 7 |
_a82 Література. Літературознавство _2UDC |
|
| 999 |
_c367729 _d367729 |
||